Biblioteca

Razones sencillas contra los errores y las innovaciones del romanismo (Registro nro. 38911)

Detalles MARC
000 -LÍDER
Campo fijo de descripción fija 01489aam a2200289 i 4500
001 - NÚMERO DE CONTROL
Campo de control 768714001
003 - IDENTIFICADOR DEL NÚMERO DE CONTROL
Campo de control CO-MdFUSB
005 - FECHA Y HORA DE LA ULTIMA TRANSACCIÓN
control field 20211202171958.0
007 - CAMPO FIJO DE DESCRIPCIÓN FIJA--INFORMACIÓN GENERAL
Campo fijo de descripción fija ta
008 - ELEMENTOS DE LONGITUD FIJA -- INFORMACIÓN GENERAL
Campo fijo de descripción fija -- Información general 211202t18891891nyu |||| |||| 00| 0 spa d
020 ## - NÚMERO INTERNACIONAL NORMALIZADO PARA LIBROS
Número Internacional Normalizado del libro [No incluye ISBN]
040 ## - FUENTE DE CATALOGACIÓN
Idioma de catalogación spa.
Agencia de catalogación original CO-MdFUSB
Agencia que realiza la transcripción CO-MdFUSB
Agencia que realiza la modificación CO-MdFUSBC
Convenciones de la descripción rda
041 ## - CÓDIGO DE IDIOMA
Código de idioma para texto/pista de sonido o título separado spa
082 04 - NÚMERO DE CLASIFICACIÓN DECIMAL DEWEY
Número de clasificación 282.3
Número de la edición del Dewey 23
Clave de autor-Numero de item L777r
100 1# - ASIENTO PRINCIPAL--NOMBRE PERSONAL
Nombre personal Littledale, Ricardo Federico (1833-1890)
Término relacionador autor
245 10 - TÍTULO
Título del Material Razones sencillas contra los errores y las innovaciones del romanismo
Mención de responsabilidad, etc. / Ricardo Federico Littledale
264 #0 - PRODUCCIÓN, PUBLICACIÓN, DISTRIBUCIÓN, MANUFACTURA, Y COPYRIGHT
Lugar de producción, publicación, distribución, manufactura New York, N.Y., USA :
Nombre del productor, publicador, distribuidor Sociedad Americana de Tratados,
Fecha de producción, publicación, distribución, manufactura, o copyright [1889]
300 ## - DESCRIPCIÓN FÍSICA
Extensión 330 páginas
Dimensiones ; 18 cm
336 ## - TIPO DE CONTENIDO
Término de tipo de contenido texto
Código de tipo de contenido txt
Fuente rdacontent
337 ## - TIPO DE MEDIO
Fuente rdamedia
Nombre del tipo de medio sin mediación
Código del tipo de medio n
338 ## - TIPO DE SOPORTE
Fuente rdacarrier
Nombre del tipo de soporte volumen
Código Tipo de soporte nc
505 ## - NOTA DE CONTENIDO
Nota de contenido con formato preestablecido Reflexiones sobre el cambio de religión en general. -- La iglesia de Roma duda en su Enseñanza y es contraria a la Biblia. -- Adoración de los seres creados. -- El culto de la virgen superado al de Dios y Cristo. -- Lo que las Sagradas Escrituras nos dicen con respecto a María. -- Cuatro argumentos del Concilio de Trento en favor de la media comunión. --El culto divino en idioma desconocido. -- Lo que el Antiguo Testamento dice de sí mismo. -- Lo que eran las indulgencias en tiempos pasados. -- Inmoralidad de las indulgencias. -- El tráfico de la misa. -- Defensa del Romanismo.
563 ## - NOTA DE ENCUADERNACIÓN
Nota de encuadernación Rústico
650 #0 - ASIENTO SECUNDARIO DE MATERIA - TERMINO TEMÁTICO
9 (RLIN) 153
Término temático o nombre geográfico como elemento de entrada Historia de la Iglesia
942 ## - TIPO DE MATERIAL (KOHA)
Tipo de Item KOHA Libros General
945 ## - INFORMACIÓN LOCAL DEL REGISTRO
Catalogador JTF-925
Existencias
Estado de Material Estado de Perdido Forma de Clasificación Estado de Dañado No para Préstamo Colección Tomo Biblioteca de Origen Biblioteca Permanente Fecha de Adquisición Área Total de Préstamos Signatura Topográfica Código de Barras Última vez visto Ejemplar/Existencia Fecha de Remplazo Tipo de Material
    Dewey Decimal Classification     Colección General   Biblioteca FUSBC Biblioteca FUSBC 17/01/2005 TEOLOGÍA CRISTIANA   G 282.3 L777r 7280 12/12/2019 Ej. 1 26/01/2016 Libros General

Biblioteca FUSBC | Teléfono: (57+4) 349 88 10 Ext. 141| WhatsApp (+57) 3005338115 
E-mail: biblioteca@unisbc.edu.co | Calle 76 87-14 Robledo Palenque, Medellín, Colombia

Con tecnología Koha